02654cam a22004334i 4500003000900000005001700009008004100026020003600067020003900103035002700142040007700169050002300246082002700269100003500296245009100331264005400422300005900476336002100535337002500556338002300581504007300604505116800677526001001845526001001855526001001865526001001875526000801885526000801893526000801901526000801909526000801917526000801925526000801933630006701941650006902008650005702077650003502134650005102169PE-LiUPU20250731172835.0150827s2010 miua rb 001 0 eng d a0802863736q(pbk. : alk. paper) a9780802863737q(pbk. : alk. paper) a(Sirsi) i9780802863737 aDLCbspacDLCdYDXdBTCTAdYDXCPdEMTdDTMdCDXdIGRdDLCdPE-LiUPUerda00aBV639.P6bL66 201004a261.832509015bL822221 aLongenecker, Bruce W.,eautor.10aRemember the poor :bPaul, poverty, and the Greco-Roman world /cBruce W. Longenecker. 1aGrand Rapids, Mich. :bW.B. Eerdmans Pub.,c2010. axi, 380 páginas :bilustraciones ;c23 centímetros atext2rdacontent aunmediated2rdamedia avolume2rdacarrier aIncluye referencias bibliográficas páginas 345-365) e índices.0 a"I am not ashamed of the gospel" : Paul's alleged disregard for the poor -- "You have dishonored the poor man" : advanced agrarianism and elite acquisitiveness -- "The least of these" : scaling poverty in the Greco-Roman world -- "When did we see you hungry?" : charitable initiatives in the Greco-Roman world -- "Good news to the poor" : Judeo-Christian theological traditions -- "Do good to all" : care for the poor in Paul's communities -- "Remember the poor" : interpretive paradigms in conflict -- "They added nothing" : the poor in the mission of the early Jesus-movement -- "Fulfill the law of Christ" : the poor in the rhetoric of Galatians -- "Not many of you were of noble birth" : economic profiles within Paul's communities -- "You would have plucked out your eyes" : the economic attractions of Paul's communities --"There were none in need" : care for the poor in Paul's theology -- "Content with whatever I have" : the poor in the life of Paul -- Appendix 1. An early critique of Steven J. Freisen's 2004 poverty scale -- Appendix 2. Non-Pauline configurations of generosity and the Mosaic law -- Appendix 3. Dating the origin of Paul's collection. aSEG42 aSEG41 aSEG40 aSEG39 aP94 aP87 aP86 aP85 aP77 aP76 aP3500aBiblia.pEpistolas de PabloxCrítica, interpretación, etc. 0aBiblia.pEpístolas de PabloxCrítica, interpretación, etc. 0aHistoria de la iglesiayEpoca primitiva, ca. 30-600. 0aPbrezaxEnseñanza bíblica. 0aPobrezaxAspectos religiososxCristianianismo.